000 00457nam a2200181Ia 4500
001 11589
005 20260306162839.0
008 260306t1992||||xx |||||||||||||| ||spa||
041 _aESP
082 _aHF 913.8541
_bL65
100 _aLinares Málaga, Eloy,
_eAUT
245 0 _aPrehistoria de Arequipa :
_bprovincia de Arequipa
260 _c1992
300 _a9 hojas sueltas :
_c33 cm.
650 _aGEN
654 _aCHU
942 _cFOL
_dJUS
_fJUS
_2ddc
_n
999 _c11589
_d11589